[Event "Amber 2005 Rapid"]
[Site "Monaco MNC"]
[Date "2005.03.22"]
[Round "4.1"]
[White "Shirov, Alexei"]
[Black "Vallejo Pons, Francisco"]
[Result "1-0"]
[WhiteElo "2713"]
[BlackElo "2686"]
[PlyCount "71"]
[EventDate "23.03.19"]
[EventType "tourn (rapid)"]
[EventRounds "11"]
[EventCountry "MNC"]
[EventCategory "20"]
[Source "lmi"]
[SourceDate "2005.03.31"]

1. e4 c5 2. Nf3 Nc6 3. Bb5 d6 4. Bxc6+ bxc6 5. O-O Bg4 6. d3 e5 7. Nbd2 Nf6 8.
Nc4 Nd7 9. Ne3 Be6 10. c3 Be7 11. d4 f6 12. b3 O-O 13. Bb2 Re8 14. Nd2 d5 15.
Qc2 Qb6 16. Nf3 exd4 17. cxd4 Bf8 18. exd5 cxd5 19. dxc5 Bxc5 20. Qd2 Rad8 21.
Bd4 Ne5 22. Rfd1 Nxf3+ 23. gxf3 Bxd4 24. Qxd4 Qa6 25. Rd2 Bf7 26. Rc1 Re5 27.
h4 Bh5 28. Kg2 Qb7 29. Rdc2 Re7 30. Nf5 Rf7 31. Rc6 Rfd7 32. Qf4 Bg6 33. Rc7
Qb5 34. Nd4 Qb4 35. h5 Bf7 36. Rxd7 1-0

[Event "Amber 2005 Rapid"]
[Site "Monaco MNC"]
[Date "2005.03.22"]
[Round "4.3"]
[White "Kramnik, Vladimir"]
[Black "Anand, Viswanathan"]
[Result "1/2-1/2"]
[WhiteElo "2754"]
[BlackElo "2786"]
[PlyCount "48"]
[EventDate "23.03.19"]
[EventType "tourn (rapid)"]
[EventRounds "11"]
[EventCountry "MNC"]
[EventCategory "20"]
[Source "lmi"]
[SourceDate "2005.03.31"]

1. e4 e5 2. Nf3 Nc6 3. Bb5 Nf6 4. O-O Nxe4 5. d4 Nd6 6. Bxc6 dxc6 7. dxe5 Nf5
8. Qxd8+ Kxd8 9. Nc3 h6 10. Rd1+ Ke8 11. h3 Ne7 12. Be3 Ng6 13. a3 Be7 14. Rd2
a6 15. Re1 Nh4 16. Nxh4 Bxh4 17. Ne2 Be7 18. Nf4 h5 19. e6 Bd6 20. e7 Kxe7 21.
c4 Bxf4 22. Bxf4+ Be6 23. Bg5+ Kf8 24. b3 Kg8 1/2-1/2

[Event "Amber 2005 Rapid"]
[Site "Monaco MNC"]
[Date "2005.03.22"]
[Round "4.4"]
[White "Van Wely, Loek"]
[Black "Svidler, Peter"]
[Result "0-1"]
[WhiteElo "2679"]
[BlackElo "2735"]
[PlyCount "70"]
[EventDate "23.03.19"]
[EventType "tourn (rapid)"]
[EventRounds "11"]
[EventCountry "MNC"]
[EventCategory "20"]
[Source "lmi"]
[SourceDate "2005.03.31"]

1. c4 Nf6 2. Nc3 e5 3. Nf3 Nc6 4. e3 Bb4 5. Qc2 Bxc3 6. Qxc3 Qe7 7. a3 d5 8.
cxd5 Nxd5 9. Qb3 Nb6 10. d3 O-O 11. Be2 a5 12. Bd2 Be6 13. Qc2 a4 14. Rc1 Bb3
15. Qc5 Qf6 16. e4 Nd7 17. Qb5 Rfb8 18. Bc3 Ra6 19. d4 exd4 20. Bd2 Rb6 21. Qh5
Be6 22. Rc2 Rb3 23. Bg5 Qg6 24. Qxg6 hxg6 25. Nd2 d3 26. Nxb3 dxc2 27. Na1 Nd4
28. Bd3 Bb3 29. Kd2 Nc5 30. Nxc2 Nde6 31. Be7 Nxd3 32. Kxd3 Re8 33. Bb4 c5 34.
Bd2 Rd8+ 35. Kc3 Nc7 0-1

[Event "Amber 2005 Rapid"]
[Site "Monaco MNC"]
[Date "2005.03.22"]
[Round "4.6"]
[White "Bareev, Evgeny"]
[Black "Morozevich, Alexander"]
[Result "0-1"]
[WhiteElo "2709"]
[BlackElo "2741"]
[PlyCount "76"]
[EventDate "23.03.19"]
[EventType "tourn (rapid)"]
[EventRounds "11"]
[EventCountry "MNC"]
[EventCategory "20"]
[Source "lmi"]
[SourceDate "2005.03.31"]

1. d4 g6 2. c4 Bg7 3. e4 d6 4. Nc3 e5 5. dxe5 dxe5 6. Qxd8+ Kxd8 7. f4 Nc6 8.
Nf3 Be6 9. Be3 Nf6 10. h3 Kc8 11. fxe5 Nd7 12. Ng5 Nd8 13. Be2 Nxe5 14. Nxe6
Nxe6 15. O-O c6 16. Rad1 h5 17. g4 h4 18. g5 Re8 19. c5 Kc7 20. Nd5+ cxd5 21.
exd5 Nf8 22. Bf4 Rad8 23. Bh2 Kc8 24. c6 bxc6 25. dxc6 Rxd1 26. Bxd1 Re7 27. b4
Ne6 28. b5 Nxg5 29. Kg2 Nc4 30. Bf4 Ne3+ 31. Bxe3 Rxe3 32. Rf4 Re4 33. Rf2 f5
34. Bb3 Bd4 35. Rd2 Bb6 36. Rd6 Re1 37. Bd5 Rg1+ 38. Kh2 Bc7 0-1

[Event "Amber 2005 Rapid"]
[Site "Monaco MNC"]
[Date "2005.03.24"]
[Round "5.2"]
[White "Morozevich, Alexander"]
[Black "Gelfand, Boris"]
[Result "0-1"]
[WhiteElo "2741"]
[BlackElo "2696"]
[PlyCount "174"]
[EventDate "23.03.19"]
[EventType "tourn (rapid)"]
[EventRounds "11"]
[EventCountry "MNC"]
[EventCategory "20"]
[Source "lmi"]
[SourceDate "2005.03.31"]

1. d4 Nf6 2. c4 e6 3. g3 d5 4. Bg2 Be7 5. Nf3 O-O 6. O-O dxc4 7. Ne5 Nc6 8.
Bxc6 bxc6 9. Nd2 Qd5 10. Ndxc4 c5 11. Be3 Bb7 12. f3 cxd4 13. Qxd4 Qb5 14. Bf2
Nd5 15. Rac1 Rad8 16. Qxa7 Ra8 17. a4 Qb4 18. Qd4 Rxa4 19. e4 Nf6 20. Nd3 Qb5
21. Qc3 Rfa8 22. Nce5 Ne8 23. Nc5 Ra2 24. Nxb7 Qxb7 25. Nc6 Bf8 26. Rc2 Nd6 27.
Rfc1 Ra1 28. Be3 Rxc1+ 29. Bxc1 Nb5 30. Qd3 Na7 31. Ne5 Bd6 32. Nc4 Bc5+ 33.
Kg2 Nc6 34. Qd7 h6 35. Bf4 Nd4 36. Rd2 Qb4 37. Ne5 f6 38. Nc6 Nxc6 39. Qxc6 Rf8
40. Qxe6+ Kh8 41. h4 Bd4 42. Rc2 c5 43. b3 Qe1 44. h5 Qg1+ 45. Kh3 Qd1 46. Rc1
Qxf3 47. Qf5 Qxb3 48. e5 Qd5 49. Re1 Rg8 50. Kg4 fxe5 51. Bxe5 Bxe5 52. Rxe5
Qd1+ 53. Qf3 Qxf3+ 54. Kxf3 Rc8 55. Ke3 c4 56. Kd2 c3+ 57. Kc2 Kg8 58. g4 Kf7
59. g5 hxg5 60. Rxg5 Rc6 61. Rg3 Kg8 62. Rg5 Kh7 63. Rd5 Kh6 64. Re5 Rc4 65.
Rd5 Rh4 66. Kxc3 Rxh5 67. Rd6+ Kg5 68. Kd2 Kh4 69. Ke2 Rf5 70. Rg6 Rg5 71. Re6
Kg3 72. Kf1 Kh2 73. Re2+ Kh1 74. Re7 Rf5+ 75. Ke2 g5 76. Ke3 Kg2 77. Ke4 Rf4+
78. Ke3 Rf3+ 79. Ke2 g4 80. Re4 g3 81. Rb4 Rf8 82. Rh4 Re8+ 83. Kd3 Kf2 84.
Rf4+ Kg1 85. Kd2 g2 86. Rf7 Rh8 87. Ke2 Kh1 0-1

[Event "Amber 2005 Rapid"]
[Site "Monaco MNC"]
[Date "2005.03.24"]
[Round "5.3"]
[White "Leko, Peter"]
[Black "Van Wely, Loek"]
[Result "1/2-1/2"]
[WhiteElo "2749"]
[BlackElo "2679"]
[PlyCount "142"]
[EventDate "23.03.19"]
[EventType "tourn (rapid)"]
[EventRounds "11"]
[EventCountry "MNC"]
[EventCategory "20"]
[Source "lmi"]
[SourceDate "2005.03.31"]

1. e4 c5 2. Nf3 Nc6 3. Bb5 g6 4. Bxc6 dxc6 5. d3 Bg7 6. h3 Nf6 7. Nc3 Nd7 8.
Be3 e5 9. Qd2 h6 10. O-O Qe7 11. Nh2 Nf8 12. f4 exf4 13. Rxf4 Ne6 14. Rf2 Nd4
15. Raf1 Be6 16. Ne2 Nxe2+ 17. Rxe2 O-O-O 18. b3 b6 19. Qe1 Kb7 20. Bd2 Bd4+
21. Kh1 g5 22. e5 Bb2 23. a4 Rd5 24. Qg3 Bc8 25. c3 Rhd8 26. Re3 Qd7 27. Rff3
Qc7 28. Ng4 Bxg4 29. Qxg4 Rxe5 30. Rxe5 Qxe5 31. Rxf7+ Kb8 32. Qf3 Qe6 33. Qg3+
Qd6 34. Qe1 Rd7 35. Rxd7 Qxd7 36. Qe4 Kb7 37. Kg1 Qf7 38. Qc4 Qh5 39. Qg4 Qxg4
40. hxg4 b5 41. c4 bxa4 42. bxa4 Kb6 43. Kf2 Ba3 44. Bc3 Bb4 45. Bg7 Ka5 46.
Bxh6 Bd2 47. Ke2 Bc1 48. Kd1 Be3 49. Ke2 Bc1 50. Bf8 Kb4 51. a5 a6 52. Be7 Bf4
53. Bd8 Kc3 54. g3 Bc1 55. Be7 Kb4 56. Bd8 Kc3 57. Bc7 Kc2 58. Bd6 Bd2 59. Bc7
Bc1 60. Bb6 Bd2 61. Bxc5 Bxa5 62. Be7 Bd2 63. d4 a5 64. d5 cxd5 65. cxd5 a4 66.
d6 Bb4 67. Bxg5 Bxd6 68. Bf6 Bxg3 69. Kf3 Be1 70. g5 Bh4 71. Kg4 Bxg5 1/2-1/2

[Event "Amber 2005 Rapid"]
[Site "Monaco MNC"]
[Date "2005.03.24"]
[Round "5.4"]
[White "Vallejo Pons, Francisco"]
[Black "Kramnik, Vladimir"]
[Result "1/2-1/2"]
[WhiteElo "2686"]
[BlackElo "2754"]
[PlyCount "75"]
[EventDate "23.03.19"]
[EventType "tourn (rapid)"]
[EventRounds "11"]
[EventCountry "MNC"]
[EventCategory "20"]
[Source "lmi"]
[SourceDate "2005.03.31"]

1. e4 e5 2. Nf3 Nc6 3. Nc3 Nf6 4. Bb5 Nd4 5. Bc4 d6 6. Ng5 d5 7. exd5 h6 8. Nf3
Bg4 9. Be2 Bxf3 10. Bxf3 Bb4 11. O-O O-O 12. d3 Bxc3 13. bxc3 Nxf3+ 14. Qxf3
Qxd5 15. Qxd5 Nxd5 16. Bb2 f6 17. c4 Nf4 18. Rfe1 Kf7 19. Rab1 b6 20. a4 Ne6
21. a5 g5 22. Bc3 h5 23. f3 Rg8 24. Re3 Rab8 25. Rbe1 b5 26. d4 bxc4 27. dxe5
f5 28. g4 f4 29. Re4 hxg4 30. fxg4 Rh8 31. Kg2 Rhd8 32. Rxc4 c5 33. Rce4 Rd7
34. Rh1 Kg6 35. Ree1 Rbd8 36. Rhf1 Kf7 37. h3 Ke7 38. Rh1 1/2-1/2

[Event "Amber 2005 Rapid"]
[Site "Monaco MNC"]
[Date "2005.03.25"]
[Round "6.6"]
[White "Svidler, Peter"]
[Black "Vallejo Pons, Francisco"]
[Result "1/2-1/2"]
[WhiteElo "2735"]
[BlackElo "2686"]
[PlyCount "256"]
[EventDate "23.03.19"]
[EventType "tourn (rapid)"]
[EventRounds "11"]
[EventCountry "MNC"]
[EventCategory "20"]
[Source "lmi"]
[SourceDate "2005.03.31"]

1. e4 c5 2. Nf3 d6 3. c3 Nf6 4. Bd3 Bg4 5. h3 Bxf3 6. Qxf3 Nc6 7. O-O Nd7 8.
Bb5 g6 9. Rd1 Bg7 10. Na3 O-O 11. Bxc6 Ne5 12. Qe3 Nxc6 13. d4 cxd4 14. cxd4
Qb6 15. Nc4 Qa6 16. b3 Rad8 17. Na3 d5 18. e5 f6 19. exf6 exf6 20. Nc2 Rfe8 21.
Qf3 Re4 22. a4 f5 23. Bb2 Qe2 24. Qc3 Rde8 25. Re1 Qa6 26. Rxe4 dxe4 27. b4 Qd3
28. b5 Qxc3 29. Bxc3 Ne7 30. Nb4 Rc8 31. Be1 Bxd4 32. Rd1 Rc4 33. a5 Kf7 34.
Nc2 Rxc2 35. Rxd4 Ke6 36. Rd8 Rc8 37. Rd1 Nd5 38. Bd2 Rc5 39. a6 b6 40. Rb1 Nc7
41. Bf4 Rxb5 42. Rc1 Nxa6 43. Rc6+ Kd7 44. Rf6 Ke7 45. Bg5 Kd7 46. Rf7+ Kc6 47.
Rxh7 Rd5 48. Rg7 Rd6 49. Bf4 Re6 50. Rxa7 Nc5 51. g3 Nd3 52. Be3 Ne5 53. Kf1
Nc4 54. Bf4 b5 55. Rc7+ Kb6 56. Rc8 Rc6 57. Rb8+ Ka5 58. Ke2 Ka4 59. g4 fxg4
60. hxg4 b4 61. Ra8+ Kb5 62. Bh6 b3 63. Bg7 Rb6 64. Re8 Rb7 65. Bc3 Kc5 66.
Rxe4 b2 67. Bxb2 Rxb2+ 68. Kd3 Rb3+ 69. Ke2 Rb2+ 70. Kd3 Rb3+ 71. Ke2 Kd5 72.
Rf4 Ne5 73. f3 Rb2+ 74. Ke3 Rb3+ 75. Ke2 Ke6 76. Rf8 Ke7 77. Rf4 Rb2+ 78. Ke3
Rb5 79. Ke2 Rb8 80. Re4 Kf6 81. Kf2 g5 82. Re3 Ng6 83. Kg3 Rd8 84. Ra3 Rd6 85.
Rb3 Nf4 86. Ra3 Rd5 87. Ra4 Rc5 88. Rb4 Rc1 89. Rb6+ Ne6 90. Ra6 Ke5 91. Ra4
Rc2 92. Ra5+ Kd4 93. Ra4+ Kd3 94. Ra3+ Rc3 95. Ra5 Ke2 96. Ra2+ Ke3 97. Ra5 Rc5
98. Ra3+ Kd2 99. Ra2+ Rc2 100. Ra5 Ke1 101. Ra1+ Ke2 102. Ra5 Rc3 103. Ra2+ Ke3
104. Ra5 Nc5 105. Ra8 Nd3 106. Re8+ Kd2 107. Rg8 Rc5 108. Rd8 Ke2 109. Re8+ Kd2
110. Rd8 Re5 111. Ra8 Re1 112. Rd8 Ke2 113. Re8+ Kf1 114. Rg8 Re5 115. Ra8 Re2
116. Ra1+ Ne1 117. Ra3 Rf2 118. Rb3 Kg1 119. Rc3 Rf1 120. Ra3 Ng2 121. Ra5 Ne1
122. Rxg5 Rxf3+ 123. Kh4 Kg2 124. Rf5 Rh3+ 125. Kg5 Nf3+ 126. Kf6 Rh6+ 127. Kg7
Rh4 128. g5 Nxg5 1/2-1/2

[Event "Amber 2005 Rapid"]
[Site "Monaco MNC"]
[Date "2005.03.26"]
[Round "7.1"]
[White "Ivanchuk, Vassily"]
[Black "Van Wely, Loek"]
[Result "1-0"]
[WhiteElo "2711"]
[BlackElo "2679"]
[PlyCount "95"]
[EventDate "23.03.19"]
[EventType "tourn (rapid)"]
[EventRounds "11"]
[EventCountry "MNC"]
[EventCategory "20"]
[Source "lmi"]
[SourceDate "2005.03.31"]

1. e4 c5 2. Nf3 d6 3. d4 cxd4 4. Nxd4 Nf6 5. Nc3 a6 6. Be3 e6 7. g4 e5 8. Nf5
g6 9. g5 gxf5 10. exf5 d5 11. Qf3 d4 12. O-O-O Nbd7 13. Bd2 Qa5 14. a3 dxc3 15.
Bxc3 Qa4 16. gxf6 Qf4+ 17. Qxf4 exf4 18. Bc4 Bc5 19. Rhe1+ Kd8 20. Re7 Rf8 21.
Bb4 Bxb4 22. axb4 b5 23. Bxf7 Ra7 24. Be6 h6 25. Rh7 Rxf6 26. Rh8+ Kc7 27. Rd3
Nf8 28. Rc3+ Kb6 29. Bxc8 Rc7 30. Rxc7 Kxc7 31. Bxa6 Kb6 32. Bc8 f3 33. b3 Kc7
34. Be6 Nxe6 35. fxe6 Rxe6 36. Rh7+ Kc6 37. Rf7 Re1+ 38. Kb2 Rh1 39. Rf6+ Kd5
40. Rxf3 Rxh2 41. Rf5+ Kc6 42. c4 h5 43. Rc5+ Kd6 44. Rxb5 h4 45. Rh5 h3 46.
Kc3 Rh1 47. b5 h2 48. Kb4 1-0

[Event "Amber 2005 Rapid"]
[Site "Monaco MNC"]
[Date "2005.03.26"]
[Round "7.2"]
[White "Shirov, Alexei"]
[Black "Svidler, Peter"]
[Result "1/2-1/2"]
[WhiteElo "2713"]
[BlackElo "2735"]
[PlyCount "63"]
[EventDate "23.03.19"]
[EventType "tourn (rapid)"]
[EventRounds "11"]
[EventCountry "MNC"]
[EventCategory "20"]
[Source "lmi"]
[SourceDate "2005.03.31"]

1. e4 c5 2. Nf3 e6 3. d4 cxd4 4. Nxd4 a6 5. Bd3 Bc5 6. Nb3 Ba7 7. c4 Nc6 8. Nc3
d6 9. O-O Nge7 10. Qe2 O-O 11. Be3 e5 12. Rad1 Be6 13. Nd5 a5 14. a4 Bxe3 15.
Qxe3 Nb4 16. Nxe7+ Qxe7 17. Nc1 Qc7 18. b3 Qc5 19. Qd2 Nc6 20. Bc2 Bg4 21. Qxd6
Qb6 22. Rd5 Rfd8 23. Qc5 Qxc5 24. Rxc5 Rd2 25. Bb1 Rad8 26. Rd5 Be6 27. Rxd8+
Nxd8 28. f3 Nc6 29. Rf2 Rd1+ 30. Rf1 Rd2 31. Rf2 Rd1+ 32. Rf1 1/2-1/2

[Event "Amber 2005 Rapid"]
[Site "Monaco MNC"]
[Date "2005.03.26"]
[Round "7.4"]
[White "Topalov, Veselin"]
[Black "Morozevich, Alexander"]
[Result "0-1"]
[WhiteElo "2757"]
[BlackElo "2741"]
[PlyCount "76"]
[EventDate "23.03.19"]
[EventType "tourn (rapid)"]
[EventRounds "11"]
[EventCountry "MNC"]
[EventCategory "20"]
[Source "lmi"]
[SourceDate "2005.03.31"]

1. d4 d5 2. c4 e5 3. dxe5 d4 4. Nf3 Nc6 5. a3 Nge7 6. b4 Ng6 7. Bb2 a5 8. b5
Ncxe5 9. Nxe5 Nxe5 10. e3 Be6 11. Bxd4 Nxc4 12. Qc2 Nd6 13. Bd3 Qg5 14. f4 Qh4+
15. g3 Qh5 16. Nc3 Nf5 17. O-O O-O-O 18. Ba7 Qg4 19. Ne4 Rd7 20. Rfd1 Qf3 21.
Ng5 Nxe3 22. Nxf3 Nxc2 23. Bxc2 b6 24. Ne5 Rxd1+ 25. Rxd1 Bxa3 26. f5 Ba2 27.
Ra1 Bc5+ 28. Kf1 Re8 29. Re1 f6 30. Nd3 Rxe1+ 31. Kxe1 Bd6 32. Nc1 Bd5 33. Bb3
Be4 34. Bxb6 cxb6 35. Be6+ Kc7 36. Ke2 Be5 37. Nd3 Kd6 38. Ke3 Bd5 0-1

[Event "Amber 2005 Rapid"]
[Site "Monaco MNC"]
[Date "2005.03.27"]
[Round "8.5"]
[White "Van Wely, Loek"]
[Black "Vallejo Pons, Francisco"]
[Result "1-0"]
[WhiteElo "2679"]
[BlackElo "2686"]
[PlyCount "179"]
[EventDate "23.03.19"]
[EventType "tourn (rapid)"]
[EventRounds "11"]
[EventCountry "MNC"]
[EventCategory "20"]
[Source "lmi"]
[SourceDate "2005.03.31"]

1. d4 Nf6 2. Nf3 e6 3. Bg5 h6 4. Bh4 b6 5. e3 Bb7 6. Bd3 c5 7. Nbd2 Be7 8. c3
Nc6 9. a3 d5 10. Bg3 Nh5 11. Be5 Nf6 12. Bg3 Nh5 13. Bb5 Nxg3 14. hxg3 Rc8 15.
Ne5 O-O 16. Bxc6 Bxc6 17. Qg4 Be8 18. f4 Bd6 19. Ndf3 Qf6 20. Kd2 cxd4 21. exd4
Qf5 22. Qxf5 exf5 23. Rae1 f6 24. Nd3 Bf7 25. Nb4 h5 26. Nc2 g6 27. a4 a5 28.
b3 Rc7 29. Re3 Rb8 30. Rb1 Kg7 31. Nfe1 h4 32. Nd3 Rbc8 33. gxh4 Rxc3 34. Nce1
R3c7 35. g3 Kf8 36. Rb2 Rc6 37. Rc2 R6c7 38. Rxc7 Rxc7 39. Nc2 Re7 40. Rxe7
Kxe7 41. Nc1 Be6 42. Ne2 Kd7 43. Nc3 Kc6 44. Nb5 Be7 45. Kc3 Kb7 46. Kd3 Kc6
47. Ke3 Kd7 48. Kf3 Bb4 49. Ke3 Be7 50. Nc3 Bd6 51. Kf3 Kc6 52. Kg2 Bf8 53. Kh3
Kd6 54. b4 Kc6 55. b5+ Kd6 56. Ne3 Bh6 57. Kg2 Bg7 58. Kf2 Bh6 59. h5 gxh5 60.
Ne2 Kd7 61. Kg2 Bf8 62. Nc3 Kd6 63. Kh3 Bg7 64. Kh4 Bf8 65. Kxh5 Bf7+ 66. Kh4
Be6 67. Kh3 Be7 68. Kg2 Bd8 69. Kf2 Bc7 70. Ke2 Bd8 71. Kd3 Bc7 72. Ne2 Kd7 73.
Ng1 Bg8 74. Ne2 Be6 75. Kc2 Bb8 76. Kd1 Bc7 77. Ng1 Bf7 78. Nxf5 Bg6 79. Ne3
Be4 80. Ne2 Bf3 81. Kd2 Bd6 82. Nc2 f5 83. Nc3 Ke6 84. Ke3 Bh5 85. Kf2 Bb4 86.
Ne2 Bd2 87. Ne1 Bb4 88. Nf3 Ba3 89. Ke3 Bc1+ 90. Nxc1 1-0

[Event "Amber 2005 Rapid"]
[Site "Monaco MNC"]
[Date "2005.03.27"]
[Round "8.6"]
[White "Svidler, Peter"]
[Black "Ivanchuk, Vassily"]
[Result "0-1"]
[WhiteElo "2735"]
[BlackElo "2711"]
[PlyCount "74"]
[EventDate "23.03.19"]
[EventType "tourn (rapid)"]
[EventRounds "11"]
[EventCountry "MNC"]
[EventCategory "20"]
[Source "lmi"]
[SourceDate "2005.03.31"]

1. e4 c5 2. Nf3 e6 3. d4 cxd4 4. Nxd4 a6 5. Bd3 Nf6 6. O-O Qc7 7. Qe2 d6 8. c4
g6 9. Nc3 Bg7 10. Rd1 O-O 11. Nf3 Nc6 12. Bf4 e5 13. Be3 Bg4 14. h3 Nd4 15.
Bxd4 Bxf3 16. Qxf3 exd4 17. Nd5 Nxd5 18. cxd5 Qb6 19. Rab1 Rfe8 20. Qg3 Rac8
21. h4 Rc5 22. h5 Bf6 23. f4 Rc2 24. Kh2 Rxb2 25. Rxb2 Qxb2 26. Rb1 Qd2 27.
Rxb7 Re5 28. f5 Bg5 29. Kh3 Bf4 30. Qf3 gxf5 31. g3 Be3 32. exf5 Qxd3 33. f6
Kf8 34. Rb3 Qc4 35. Qf5 Re8 36. Rb7 Qc1 37. g4 Bf4 0-1

[Event "Amber 2005 Rapid"]
[Site "Monaco MNC"]
[Date "2005.03.29"]
[Round "9.3"]
[White "Kramnik, Vladimir"]
[Black "Svidler, Peter"]
[Result "0-1"]
[WhiteElo "2754"]
[BlackElo "2735"]
[PlyCount "60"]
[EventDate "23.03.19"]
[EventType "tourn (rapid)"]
[EventRounds "11"]
[EventCountry "MNC"]
[EventCategory "20"]
[Source "lmi"]
[SourceDate "2005.03.31"]

1. e4 c5 2. Nf3 e6 3. d4 cxd4 4. Nxd4 Nc6 5. Nc3 a6 6. Nxc6 bxc6 7. Bd3 d5 8.
O-O Qc7 9. Qe2 Bb7 10. Bd2 Bd6 11. f4 Ne7 12. Kh1 O-O 13. e5 Bb4 14. Rf3 Bxc3
15. bxc3 c5 16. Rh3 h6 17. Qh5 f5 18. exf6 Rxf6 19. Re1 c4 20. Bf1 Ng6 21. Qg4
Raf8 22. Rf3 e5 23. f5 Bc8 24. Kg1 Bxf5 25. Qg3 Bxc2 26. Rxf6 Rxf6 27. h4 Be4
28. h5 Nf4 29. Qg4 Qf7 30. Bxc4 Bf5 0-1

[Event "Amber 2005 Rapid"]
[Site "Monaco MNC"]
[Date "2005.03.29"]
[Round "9.4"]
[White "Ivanchuk, Vassily"]
[Black "Leko, Peter"]
[Result "0-1"]
[WhiteElo "2711"]
[BlackElo "2749"]
[PlyCount "116"]
[EventDate "23.03.19"]
[EventType "tourn (rapid)"]
[EventRounds "11"]
[EventCountry "MNC"]
[EventCategory "20"]
[Source "lmi"]
[SourceDate "2005.03.31"]

1. e4 e5 2. Nf3 Nc6 3. Bb5 a6 4. Ba4 Nf6 5. O-O Be7 6. Qe2 b5 7. Bb3 O-O 8. c3
d5 9. d3 d4 10. h3 Bc5 11. Bg5 Qd6 12. Nbd2 h6 13. Bxf6 Qxf6 14. Bd5 dxc3 15.
bxc3 Bd7 16. a4 Rab8 17. Nb3 Bb6 18. axb5 axb5 19. c4 bxc4 20. dxc4 Nd4 21.
Nfxd4 Bxd4 22. Nxd4 exd4 23. e5 Qg6 24. Ra3 Rb1 25. Rxb1 Qxb1+ 26. Kh2 c6 27.
Be4 Qc1 28. Ra6 c5 29. Rd6 Be6 30. Bd3 Qg5 31. Qe4 g6 32. f4 Qe7 33. Qf3 Rb8
34. Be4 Rd8 35. Rxd8+ Qxd8 36. Bd5 Qc8 37. Kg3 Kg7 38. Bxe6 Qxe6 39. Qd5 Qf5
40. Qd6 g5 41. fxg5 hxg5 42. Kh2 Qf4+ 43. Kg1 Qe3+ 44. Kh2 d3 45. Qf6+ Kg8 46.
e6 fxe6 47. Qg6+ Kf8 48. Qf6+ Ke8 49. Qg6+ Ke7 50. Qg7+ Kd6 51. Qf8+ Ke5 52.
Qg7+ Ke4 53. Qb7+ Kd4 54. Qb2+ Kxc4 55. Qa2+ Kc3 56. Qa3+ Kd2 57. Qb2+ Ke1 58.
Qb1+ Ke2 0-1

[Event "Amber 2005 Rapid"]
[Site "Monaco MNC"]
[Date "2005.03.29"]
[Round "9.5"]
[White "Shirov, Alexei"]
[Black "Morozevich, Alexander"]
[Result "1/2-1/2"]
[WhiteElo "2713"]
[BlackElo "2741"]
[PlyCount "104"]
[EventDate "23.03.19"]
[EventType "tourn (rapid)"]
[EventRounds "11"]
[EventCountry "MNC"]
[EventCategory "20"]
[Source "lmi"]
[SourceDate "2005.03.31"]

1. d4 d5 2. c4 c6 3. Nc3 Nf6 4. Nf3 dxc4 5. a4 Bf5 6. Ne5 Nbd7 7. Nxc4 Qc7 8.
g3 e5 9. dxe5 Nxe5 10. Bf4 Nfd7 11. Bg2 g5 12. Ne3 gxf4 13. Nxf5 O-O-O 14. O-O
fxg3 15. hxg3 Kb8 16. Rc1 Nc5 17. Qc2 a5 18. Rfd1 Rxd1+ 19. Rxd1 Ne6 20. Ne4
Bb4 21. Nf6 Rd8 22. f4 Rxd1+ 23. Qxd1 Nc4 24. Qc2 Qd8 25. Ng4 Nd4 26. Qxc4 Nxf5
27. Qxf7 Nxg3 28. Bf3 Qh4 29. Qe8+ Kc7 30. Qe5+ Kb6 31. Nf6 Qh3 32. Bg2 Bc5+
33. e3 Ne2+ 34. Kf1 Qxe3 35. Nd7+ Ka7 36. Qxe3 Bxe3 37. Kxe2 Bxf4 38. b3 h5 39.
Kd3 h4 40. Ke4 Bg3 41. Kf5 Bf2 42. Ke6 Bg1 43. Ke7 Bf2 44. Kd8 Bg1 45. Kc8 Bf2
46. Ne5 Bg3 47. Nc4 Ka6 48. Bf1 b5 49. Na3 Kb6 50. axb5 cxb5 51. Nxb5 a4 52.
bxa4 Ka5 1/2-1/2

[Event "Amber 2005 Rapid"]
[Site "Monaco MNC"]
[Date "2005.03.29"]
[Round "9.6"]
[White "Vallejo Pons, Francisco"]
[Black "Bareev, Evgeny"]
[Result "1/2-1/2"]
[WhiteElo "2686"]
[BlackElo "2709"]
[PlyCount "89"]
[EventDate "23.03.19"]
[EventType "tourn (rapid)"]
[EventRounds "11"]
[EventCountry "MNC"]
[EventCategory "20"]
[Source "lmi"]
[SourceDate "2005.03.31"]

1. d4 d5 2. c4 c6 3. Nc3 Nf6 4. e3 e6 5. Nf3 Nbd7 6. Qc2 Bd6 7. g4 dxc4 8. Bxc4
e5 9. g5 Nd5 10. Bd2 exd4 11. Qe4+ Qe7 12. Qxd4 Ne5 13. Nxe5 Bxe5 14. Nxd5 cxd5
15. Bb5+ Kf8 16. Qxd5 Bxb2 17. Rb1 Be6 18. Qe4 Ba3 19. Bc4 Bxc4 20. Qxc4 b6 21.
Rg1 Re8 22. Rg4 h5 23. Rf4 Bd6 24. Bb4 Bxb4+ 25. Rxb4 g6 26. h4 Kg7 27. Qc3+
Qe5 28. Rbc4 Qxc3+ 29. Rxc3 Re7 30. Rd4 Rhe8 31. Ke2 Re4 32. Rcc4 Rxd4 33. Rxd4
Re5 34. a4 Rc5 35. f4 Kf8 36. Re4 Rc1 37. Kf3 Rh1 38. Kg3 a5 39. Rc4 Rb1 40.
Kf3 Ke7 41. Rc7+ Ke6 42. Rc6+ Kd7 43. Rf6 Ke7 44. Rc6 Rb4 45. Rf6 1/2-1/2

[Event "Amber 2005 Rapid"]
[Site "Monaco MNC"]
[Date "2005.03.30"]
[Round "10.1"]
[White "Morozevich, Alexander"]
[Black "Ivanchuk, Vassily"]
[Result "1-0"]
[WhiteElo "2741"]
[BlackElo "2711"]
[PlyCount "87"]
[EventDate "23.03.19"]
[EventType "tourn (rapid)"]
[EventRounds "11"]
[EventCountry "MNC"]
[EventCategory "20"]
[Source "lmi"]
[SourceDate "2005.03.31"]

1. g3 c5 2. Bg2 Nc6 3. c4 g6 4. Nc3 Bg7 5. b3 Nf6 6. Bb2 O-O 7. d3 e6 8. Bxc6
dxc6 9. Qd2 e5 10. f3 Nh5 11. O-O-O a5 12. Kb1 Rb8 13. Qe3 b6 14. Qf2 Rb7 15.
e3 f5 16. f4 Rd7 17. Kc2 Nf6 18. Nf3 Ng4 19. Qg1 exf4 20. gxf4 Re8 21. Ne5 Nxe5
22. fxe5 Bxe5 23. h4 Qf6 24. Na4 Bxb2 25. Nxb2 Rde7 26. Re1 f4 27. e4 Re5 28.
Rf1 Rh5 29. Na4 Rxh4 30. Rxh4 Qxh4 31. Nxb6 Bh3 32. Rf2 Qg3 33. Qe1 Rd8 34. Na4
Qxd3+ 35. Kb2 Qg3 36. Ka3 Rd4 37. e5 Bf5 38. Nxc5 Rxc4 39. Qd2 Rxc5 40. Qd8+
Kf7 41. Qf6+ Kg8 42. e6 h5 43. Qf7+ Kh8 44. e7 1-0

[Event "Amber 2005 Rapid"]
[Site "Monaco MNC"]
[Date "2005.03.30"]
[Round "10.2"]
[White "Bareev, Evgeny"]
[Black "Shirov, Alexei"]
[Result "1/2-1/2"]
[WhiteElo "2709"]
[BlackElo "2713"]
[PlyCount "76"]
[EventDate "23.03.19"]
[EventType "tourn (rapid)"]
[EventRounds "11"]
[EventCountry "MNC"]
[EventCategory "20"]
[Source "lmi"]
[SourceDate "2005.03.31"]

1. d4 d5 2. c4 c6 3. Nf3 Nf6 4. Qb3 dxc4 5. Qxc4 Bf5 6. g3 e6 7. Bg2 Nbd7 8.
O-O Be7 9. e3 O-O 10. Qe2 Ne4 11. Rd1 Qc7 12. b3 a5 13. Nfd2 Nxd2 14. Nxd2 Bc2
15. Rf1 a4 16. Bb2 Bg6 17. Rfc1 Nb6 18. h4 h6 19. Nc4 Nd5 20. e4 a3 21. Nxa3
Bxe4 22. Nb5 Qd7 23. Bxe4 cxb5 24. a3 Bf6 25. Rc5 b4 26. axb4 Rxa1+ 27. Bxa1 b6
28. Rc1 Nxb4 29. Qc4 Nd5 30. Qc6 Rd8 31. Qxd7 Rxd7 32. Rc8+ Rd8 33. Rc6 g5 34.
hxg5 hxg5 35. Bb2 Kg7 36. Kg2 g4 37. Bxd5 Rxd5 38. Rxb6 Bxd4 1/2-1/2